000 00578nam a22001695i 4500
001 166135
003 ES-MaACL
005 20230906213254.0
008 950111s1894 sp |||| | spa d
040 _aPAB
_bspa
100 1 _aTenreiro, Laureano.
_9109706
245 1 0 _aContra el regionalismo /
_cpor Laureano Tenreiro.
260 _aLa Coruña :
_b[s.n.],
_c1894 (
_fTip. de la Papelería de Ferrer)
300 _a39 p. ;
_c22 cm.
650 0 4 _aRegionalismo.
_916746
852 _aES-MaACL
_jT-803-F-6
_z-- Enc. hol., conservando la cub. original
_z-- Enc. en un vol. facticio
999 _c166135
_d166135